Most Isolated Major Cities - Statistics

General Stats
  • This quiz has been taken 99 times
    75 since last reset
  • The average score is 12 of 22
Answers on the Map
Answers color-coded by a green-red scale on the quiz's map according to % correct below.
 
Answer Stats
Distance to Nearest City (km) Answer % Correct
2129 Anchorage
94%
2131 Perth
91%
1322 Reykjavik
91%
626 Adelaide
82%
882 Windhoek
82%
597 Manaus
78%
1679 Darwin
75%
583 Hobart
72%
549 Murmansk
72%
1330 Suva
66%
654 Praia
65%
896 St John's
62%
579 Billings
53%
1313 Yakutsk
50%
1330 Noumea
40%
1310 Petropavlovsk-Kamchatsky
35%
607 Port Blair
28%
523 Boa Vista
24%
597 Salalah
24%
604 Norilsk
22%
505 Syktyvkar
18%
613 Golmud
3%
No matching quizzes found
Score Distribution
Percent of People with Each Score
Percentile by Number Answered
Your Score History
You have not taken this quiz since the last reset